[Event "Wch U14"]
[Site "Kemer"]
[Date "2009.11.19"]
[Round "8"]
[White "Musialkiewicz, Jan"]
[Black "Neumair, Jerome"]
[Result "1/2-1/2"]
[WhiteElo "2162"]
[BlackElo "2013"]
[PlyCount "61"]
[EventDate "2009.11.12"]
[EventType "swiss"]
[EventRounds "11"]
[EventCountry "TUR"]
[SourceTitle "EXT 2010"]
[Source "ChessBase"]
[SourceDate "2010.11.25"]
[SourceVersion "1"]
[SourceVersionDate "2010.11.25"]
[SourceQuality "1"]

1. e4 e6 2. d4 d5 3. Nd2 Nc6 4. c3 e5 5. Bb5 exd4 6. cxd4 dxe4 7. Nxe4 Bb4+ 8. Nc3 Nge7 9. Nge2 0-0 10. 0-0 a6 11. Ba4 Bf5 12. Bg5 b5 13. Bb3 Qd7 14. Bxe7 Nxe7 15. a3 Ba5 16. d5 Rad8 17. h3 Rfe8 18. Ba2 c6 19. b4 Bb6 20. dxc6 Qxc6 21. Qb3 Be6 22. Qb2 Bxh3 23. gxh3 Rd3 24. Qb3 Qg6+ 25. Kh2 Bc7+ 26. f4 Nd5 27. Qxd5 Rxd5 28. Bxd5 Qd3 29. Bg2 g5 30. Rf3 Qc4 31. Rg3 1/2-1/2